Titan : (Record no. 193263)
[ view plain ]
| 000 -LEADER | |
|---|---|
| fixed length control field | 00609nam a22001817a 4500 |
| 005 - DATE AND TIME OF LATEST TRANSACTION | |
| control field | 20230317171024.0 |
| 010 ## - LCCN (DPL NO) | |
| LC control number | ENG-135493 |
| 020 ## - INTERNATIONAL STANDARD BOOK NUMBER | |
| International Standard Book Number | 9789350099780 |
| Terms of availability | 599.00 |
| 035 ## - SYSTEM CONTROL NUMBER | |
| System control number | EN-119025 |
| 037 ## - SOURCE OF ACQUISITION | |
| Source of stock number/acquisition | DBAD/PUB |
| 082 ## - DEWEY DECIMAL CLASSIFICATION NUMBER | |
| Classification number | 658.8270954 |
| 100 ## - MAIN ENTRY--PERSONAL NAME | |
| Personal name | Kamath, Vinay |
| 245 ## - TITLE STATEMENT | |
| Title | Titan : |
| Remainder of title | Inside India's Most Successful Consumer Brand / |
| Statement of responsibility, etc | By Vinay Kamath |
| 260 ## - PUBLICATION, DISTRIBUTION, ETC. (IMPRINT) | |
| Place of publication, distribution, etc | Hariyana |
| Name of publisher, distributor, etc | Hachette Book Publishing India Pvt. Ltd |
| Date of publication, distribution, etc | 2018 |
| 270 ## - ADDRESS | |
| Address | 4th & 5th Floors, Corporate Centre Plot No. 94, Sector 44 |
| City | Gurugram |
| Postal code | 122003 |
| 300 ## - PHYSICAL DESCRIPTION | |
| Extent | 187p. |
| Dimensions | 22cm(hb) |
| 942 ## - ADDED ENTRY ELEMENTS (KOHA) | |
| Source of classification or shelving scheme | Dewey Decimal Classification |
| Item type | English Books |
| Call number suffix | KAM |
| Classification part | 658.8270954 |
| Withdrawn status | Lost status | Not for loan | Collection code | Home library | Current library | Date acquired | Source of acquisition | Cost, normal purchase price | Full call number | Barcode | Copy number | Cost, replacement price | Koha item type |
|---|---|---|---|---|---|---|---|---|---|---|---|---|---|
| Non-fiction | Ashok Vihar | Ashok Vihar | 18/10/2022 | DBAD/PUB | 599.00 | 658.8270954 KAM | EN-119025 | 1 | 599.00 | English Books |
